[Event "27th ECh U20"]
[Site "Patras GRE"]
[Date "1999.10.12"]
[Round "7"]
[White "Ribshtein, Nati"]
[Black "Perunovic, Miodrag"]
[Result "1-0"]
[WhiteElo "2349"]
[BlackElo "2247"]
[EventDate "1999.10.02"]
[PlyCount "90"]

1.e4 c5 2.Nf3 d6 3.d4 cxd4 4.Nxd4 Nf6 5.Nc3 g6 6.Be3 Bg7 7.f3 O-O 8.Qd2 
Nc6 9.g4 e5 10.Nde2 Be6 11.O-O-O Qa5 12.Kb1 b5 13.g5 b4 14.gxf6 bxc3 15.
Nxc3 Bxf6 16.Nd5 Bxd5 17.Qxa5 Nxa5 18.Rxd5 Nb7 19.Ba6 Nc5 20.Rxd6 Ne6 21.
Bc4 Be7 22.Rd7 Bc5 23.Bxc5 Nxc5 24.Rd5 Rac8 25.Rxe5 Rc7 26.Rd1 Kg7 27.Bf1 
Ne6 28.Red5 Kf6 29.c4 h5 30.Kc2 h4 31.Kc3 Rb8 32.b4 Ng5 33.Be2 Ne6 34.Rd7 
Rbb7 35.Rxc7 Rxc7 36.c5 Ke5 37.Kc4 Kf4 38.Rd3 Ke5 39.Bd1 h3 40.Ba4 Kf4 41.
a3 Ke5 42.Rd7 Kf4 43.Rxc7 Nxc7 44.Bd7 Kxf3 45.Bxh3 Kxe4 1-0

[Event "27th ECh U20"]
[Site "Patras GRE"]
[Date "1999.10.12"]
[Round "7"]
[White "Guid, Matej"]
[Black "Dovliatov, Sanan"]
[Result "1-0"]
[WhiteElo "2185"]
[BlackElo "2339"]
[EventDate "1999.10.02"]
[PlyCount "81"]

1.e4 e5 2.Nf3 Nc6 3.Bb5 Nf6 4.O-O Nxe4 5.d4 Nd6 6.Bxc6 dxc6 7.dxe5 Nf5 8.
Qxd8+ Kxd8 9.Nc3 a5 10.Bg5+ Ke8 11.Rad1 Be6 12.g4 Ne7 13.h3 h6 14.Bxe7 
Bxe7 15.Nd4 h5 16.Nxe6 fxe6 17.Kg2 a4 18.f4 Ra5 19.Rd4 hxg4 20.hxg4 a3 21.
b4 c5 22.bxa5 cxd4 23.Nb5 Bc5 24.Rf3 Rh4 25.Rg3 Kd7 26.Nxa3 Bxa3 27.Rxa3 
Rxg4+ 28.Kf3 Rh4 29.Rd3 c5 30.c3 Kc6 31.cxd4 c4 32.Rd1 Kd5 33.Rb1 Rh3+ 34.
Kg4 Ra3 35.Rxb7 Rxa2 36.Rd7+ Ke4 37.d5 exd5 38.e6 Rg2+ 39.Kh3 Re2 40.a6 
Kxf4 41.Rf7+ 1-0

[Event "27th ECh U20"]
[Site "Patras GRE"]
[Date "1999.10.12"]
[Round "7"]
[White "Petrik, Tomas"]
[Black "Nikolchovski, Toni"]
[Result "1-0"]
[WhiteElo "2296"]
[BlackElo "2190"]
[EventDate "1999.10.02"]
[PlyCount "81"]

1.e4 c5 2.Nf3 b6 3.d4 cxd4 4.Nxd4 Bb7 5.Nc3 Nc6 6.Bc4 e6 7.O-O a6 8.Re1 
Qc7 9.Nd5 exd5 10.exd5+ Nce7 11.Nf5 d6 12.Qg4 g6 13.Nxd6+ Qxd6 14.Bf4 Qd7 
15.Qg3 Kd8 16.Qc3 f6 17.Qd4 Nc8 18.Re6 Bg7 19.Rae1 Nge7 20.Rxe7 Nxe7 21.
Qxb6+ Ke8 22.d6 Rd8 23.Rxe7+ Qxe7 24.dxe7 Rd1+ 25.Bf1 Rd7 26.Bd6 Bd5 27.
Bxa6 Kf7 28.Bb5 Rb7 29.Qc5 Rxb5 30.Qxb5 Be6 31.Qb7 Re8 32.h3 f5 33.a4 Bd4 
34.a5 Bc4 35.a6 Ke6 36.Ba3 Bd5 37.Qb4 Be5 38.a7 Rc8 39.c4 Be4 40.Qb6+ Kf7 
41.Qd8 1-0

[Event "27th ECh U20"]
[Site "Patras GRE"]
[Date "1999.10.12"]
[Round "7"]
[White "Jedryczka, Krystian"]
[Black "Lelumees, Brait"]
[Result "1-0"]
[WhiteElo "2334"]
[BlackElo "2121"]
[EventDate "1999.10.02"]
[PlyCount "65"]

1.e4 c5 2.Nf3 d6 3.d4 cxd4 4.Nxd4 Nf6 5.Nc3 a6 6.Be3 e5 7.Nb3 Be6 8.f3 
Nbd7 9.Qd2 b5 10.a4 b4 11.Nd5 a5 12.Bb5 Nxd5 13.exd5 Bf5 14.O-O Be7 15.c3 
bxc3 16.Qxc3 O-O 17.Bc6 Ra6 18.Bb7 Rb6 19.Nxa5 Rxb7 20.Nxb7 Qa8 21.Na5 
Qxd5 22.b4 e4 23.Rad1 Qe6 24.f4 d5 25.b5 Nb6 26.Qd4 Rb8 27.Qe5 Nd7 28.Qxe6
fxe6 29.Nc6 Re8 30.Nxe7+ Rxe7 31.a5 Bg4 32.Rd2 e5 33.Rxd5 1-0

[Event "27th ECh U20"]
[Site "Patras GRE"]
[Date "1999.10.12"]
[Round "7"]
[White "Bohnenblust, Simon"]
[Black "Karner, Christoph"]
[Result "0-1"]
[WhiteElo "2239"]
[BlackElo "2181"]
[EventDate "1999.10.02"]
[PlyCount "80"]

1.e4 c5 2.Nf3 d6 3.d4 cxd4 4.Nxd4 Nf6 5.Nc3 a6 6.f4 Qc7 7.Nf3 Nbd7 8.Bd3 
g6 9.O-O Bg7 10.Qe1 b5 11.a3 Bb7 12.Qh4 Nc5 13.f5 Nxd3 14.cxd3 gxf5 15.Be3
Ng4 16.Bd2 Bf6 17.Bg5 Qb6+ 18.Kh1 O-O-O 19.exf5 Bxg5 20.Qxg4 Bf6 21.Qb4 
Qc5 22.Qa5 Kb8 23.Ne4 Qd5 24.Ne1 Bxb2 25.Rb1 Qa2 26.Nf3 Be5 27.Qb6 Rhg8 
28.Rg1 Rc8 29.f6 Rc6 30.Qe3 Bxf6 31.Nxf6 exf6 32.Ra1 Qd5 33.a4 Rc2 34.Raf1
b4 35.Rf2 Rxf2 36.Qxf2 b3 37.d4 Qf5 38.Rf1 Ka8 39.Qb2 Qd3 40.a5 Qxf1+ 0-1

[Event "27th ECh U20"]
[Site "Patras GRE"]
[Date "1999.10.13"]
[Round "8"]
[White "Iliushin, Alexei"]
[Black "Lopez Martinez, Josep Manuel"]
[Result "1-0"]
[WhiteElo "2527"]
[BlackElo "2378"]
[EventDate "1999.10.02"]
[PlyCount "51"]

1.d4 Nf6 2.c4 e6 3.Nc3 Bb4 4.e3 c5 5.Ne2 cxd4 6.exd4 d5 7.c5 Ne4 8.Bd2 Nc6
9.Nxe4 dxe4 10.Bxb4 Nxb4 11.Qa4+ Nc6 12.Rd1 O-O 13.Nc3 f5 14.Bb5 Bd7 15.d5
exd5 16.Nxd5 Kh8 17.O-O Rc8 18.Nf4 Qe7 19.Rd6 a6 20.Qd1 axb5 21.Rxd7 Qe5 
22.Qd6 Qxb2 23.Ne6 Rg8 24.Ng5 Rgf8 25.Nf7+ Kg8 26.Qd5 1-0

[Event "27th ECh U20"]
[Site "Patras GRE"]
[Date "1999.10.13"]
[Round "8"]
[White "Solak, Dragan"]
[Black "Halkias, Stelios"]
[Result "1-0"]
[WhiteElo "2457"]
[BlackElo "2406"]
[EventDate "1999.10.02"]
[PlyCount "79"]

1.e4 c5 2.Nf3 Nc6 3.d4 cxd4 4.Nxd4 Qc7 5.Nc3 e6 6.Nb3 a6 7.Bd3 b5 8.O-O 
Nf6 9.f4 h5 10.e5 Ng4 11.Ne4 Bb7 12.Qe2 Nb4 13.Kh1 Rc8 14.Bd2 Qb6 15.Rae1 
Be7 16.Bc3 Nxd3 17.cxd3 b4 18.Bd4 Qb5 19.f5 Qd5 20.Qf3 Nxe5 21.Bxe5 Qxe5 
22.fxe6 fxe6 23.Nf6+ Bxf6 24.Qxb7 Qc7 25.Qxb4 Rb8 26.Qa3 h4 27.h3 Rh5 28.
d4 Qc6 29.Nc5 Be7 30.Qd3 Rg5 31.Re2 Bxc5 32.dxc5 Rg3 33.Qh7 Rxh3+ 34.Kg1 
Qxc5+ 35.Ref2 Rg3 36.Qh8+ Ke7 37.Qxb8 Rxg2+ 38.Kxg2 Qg5+ 39.Kh1 Qd5+ 40.
Kh2 1-0

[Event "27th ECh U20"]
[Site "Patras GRE"]
[Date "1999.10.13"]
[Round "8"]
[White "Mateuta, Gabriel"]
[Black "Stryjecki, Marek"]
[Result "1/2-1/2"]
[WhiteElo "2398"]
[BlackElo "2448"]
[EventDate "1999.10.02"]
[PlyCount "84"]

1.d4 Nf6 2.Nf3 g6 3.g3 Bg7 4.Bg2 O-O 5.O-O d6 6.Re1 c5 7.c3 Ne4 8.Nbd2 
Nxd2 9.Bxd2 cxd4 10.cxd4 Nc6 11.Bc3 d5 12.Qb3 e6 13.Ne5 Qb6 14.Red1 Rd8 
15.e3 Bd7 16.Qxb6 axb6 17.Nxd7 Rxd7 18.Bf1 Rc7 19.f3 Bf8 20.Rdc1 Rac8 21.
Kf2 Bb4 22.Be1 Bxe1+ 23.Kxe1 Nb4 24.Rxc7 Rxc7 25.Rb1 Nxa2 26.Kd2 Nb4 27.
Bd3 Rc8 28.g4 h6 29.f4 f5 30.h3 Kf7 31.Ra1 Nc6 32.Rc1 Ra8 33.Bb5 Ra2 34.
Kc3 Ra5 35.Bd3 Kf6 36.Rg1 g5 37.h4 gxf4 38.exf4 fxg4 39.Rxg4 Ne7 40.Rg1 
Ra8 41.Kb4 Ra2 42.Kc3 Ra8 1/2-1/2

[Event "27th ECh U20"]
[Site "Patras GRE"]
[Date "1999.10.13"]
[Round "8"]
[White "Mastrovasilis, Athanasios"]
[Black "Dottling, Fabian"]
[Result "1/2-1/2"]
[WhiteElo "2345"]
[BlackElo "2475"]
[EventDate "1999.10.02"]
[PlyCount "25"]

1.Nf3 Nf6 2.c4 e6 3.g3 d5 4.b3 Be7 5.Bg2 O-O 6.Bb2 c5 7.O-O Nc6 8.e3 dxc4 
9.bxc4 a6 10.Qe2 Rb8 11.Nc3 Qc7 12.Rfd1 Bd7 13.Rab1 1/2-1/2

[Event "27th ECh U20"]
[Site "Patras GRE"]
[Date "1999.10.13"]
[Round "8"]
[White "Skytte, Rasmus"]
[Black "Bagirov, Rufat"]
[Result "1/2-1/2"]
[WhiteElo "2338"]
[BlackElo "2471"]
[EventDate "1999.10.02"]
[PlyCount "93"]

1.e4 e6 2.d4 d5 3.e5 c5 4.c3 Nc6 5.Nf3 Bd7 6.a3 Qb6 7.b4 cxd4 8.cxd4 Rc8 
9.Bb2 f6 10.Nc3 Nh6 11.Na4 Qd8 12.Bd3 Be7 13.Nc5 fxe5 14.Nxd7 Qxd7 15.Nxe5
Nxe5 16.dxe5 O-O 17.O-O Bd8 18.Bd4 Bb6 19.Bxb6 axb6 20.f4 Rc3 21.Qd2 Rfc8 
22.Rf3 d4 23.h3 Qd5 24.Qe2 Nf5 25.Be4 Qd7 26.Rd1 Ne3 27.Rd3 Rxd3 28.Qxd3 
Nf5 29.Qd1 g6 30.Rd3 Rc4 31.Kh2 b5 32.Bxf5 exf5 33.Qf3 Kf7 34.g4 Ke6 35.
Kg3 Qf7 36.Qf2 Qd7 37.Qf3 Qf7 38.Qf2 fxg4 39.hxg4 Qd7 40.Qf3 Qd5 41.Qe2 
Rc3 42.f5+ gxf5 43.gxf5+ Kxf5 44.Qh5+ Ke4 45.Qe2+ Kf5 46.Qh5+ Ke4 47.Qe2+ 
1/2-1/2

[Event "27th ECh U20"]
[Site "Patras GRE"]
[Date "1999.10.13"]
[Round "8"]
[White "Berescu, Alin"]
[Black "Fontaine, Robert"]
[Result "0-1"]
[WhiteElo "2386"]
[BlackElo "2408"]
[EventDate "1999.10.02"]
[PlyCount "79"]

1.f4 d5 2.Nf3 g6 3.g3 Bg7 4.Bg2 c5 5.O-O Nc6 6.d3 e6 7.e4 Nge7 8.c3 b6 9.
e5 Ba6 10.Be3 Qd7 11.Bf2 h6 12.Re1 g5 13.fxg5 hxg5 14.d4 cxd4 15.cxd4 Bh6 
16.a3 g4 17.Nfd2 Rg8 18.b4 Nf5 19.Nb3 Bc4 20.N1d2 Rd8 21.Qc2 Rc8 22.Nxc4 
dxc4 23.Qxc4 Ncxd4 24.Qxc8+ Qxc8 25.Nxd4 Nxd4 26.Bxd4 Ke7 27.Bf2 Rd8 28.b5
Qc3 29.Bc6 Bd2 30.Rf1 Qxe5 31.a4 Be3 32.Ra2 Rd2 33.Rxd2 Bxd2 34.Kg2 Qe2 
35.Kg1 f5 36.a5 Bxa5 37.Ra1 Qd2 38.Kf1 e5 39.Kg2 e4 40.Ra3 0-1

[Event "27th ECh U20"]
[Site "Patras GRE"]
[Date "1999.10.13"]
[Round "8"]
[White "Cvek, Robert"]
[Black "Jedryczka, Krystian"]
[Result "1/2-1/2"]
[WhiteElo "2444"]
[BlackElo "2334"]
[EventDate "1999.10.02"]
[PlyCount "81"]

1.d4 Nf6 2.c4 g6 3.Nc3 Bg7 4.e4 d6 5.f3 O-O 6.Be3 a6 7.Nge2 Nc6 8.Qd2 Rb8 
9.Nc1 e5 10.d5 Nd4 11.Nb3 Nxb3 12.axb3 c5 13.b4 cxb4 14.Na4 b5 15.cxb5 
axb5 16.Qxb4 Ne8 17.Nc3 Bh6 18.Bxh6 Qh4+ 19.g3 Qxh6 20.Nd1 f5 21.exf5 Bxf5
22.Qd2 Qg7 23.Bg2 Nf6 24.Ne3 b4 25.O-O Qb7 26.Kh1 Kh8 27.Rfd1 b3 28.Ra4 
Bd7 29.Rc4 Rfc8 30.f4 Ng4 31.Rdc1 Nxe3 32.Qxe3 Rxc4 33.Rxc4 Qa6 34.Qc1 
exf4 35.gxf4 Rc8 36.Rxc8+ Qxc8 37.Qxc8+ Bxc8 38.Kg1 Kg7 39.Kf2 Kf6 40.Ke3 
Bf5 41.Bf3 1/2-1/2

[Event "27th ECh U20"]
[Site "Patras GRE"]
[Date "1999.10.13"]
[Round "8"]
[White "Medvegy, Zoltan"]
[Black "Jovanovic, Zoran"]
[Result "1/2-1/2"]
[WhiteElo "2397"]
[BlackElo "2310"]
[EventDate "1999.10.02"]
[PlyCount "76"]

1.e4 c5 2.Nf3 d6 3.d4 cxd4 4.Nxd4 Nf6 5.Nc3 g6 6.Be3 Bg7 7.f3 O-O 8.Qd2 
Nc6 9.O-O-O Nxd4 10.Bxd4 Be6 11.Kb1 Qc7 12.h4 Rfc8 13.h5 Qa5 14.h6 Bh8 15.
a3 Rab8 16.Bxf6 Bxf6 17.Nd5 Qxd2 18.Nxf6+ exf6 19.Rxd2 Rc6 20.Bb5 Rb6 21.
Be2 Kf8 22.g4 Rc8 23.Rhd1 Ke7 24.b3 Rc3 25.Rd3 Rc5 26.Rd4 Rc3 27.R1d3 Rc5 
28.Rd2 f5 29.exf5 gxf5 30.Bd3 Re5 31.Kb2 Kf6 32.Rg2 fxg4 33.Bxh7 gxf3 34.
Rf4+ Ke7 35.Rh2 Re2 36.Rhh4 Rxb3+ 37.Kc1 Re1+ 38.Kd2 Re2+ 1/2-1/2

[Event "27th ECh U20"]
[Site "Patras GRE"]
[Date "1999.10.13"]
[Round "8"]
[White "Blehm, Pawel"]
[Black "Guid, Matej"]
[Result "1-0"]
[WhiteElo "2479"]
[BlackElo "2185"]
[EventDate "1999.10.02"]
[PlyCount "89"]

1.e4 c5 2.Nf3 d6 3.d4 cxd4 4.Qxd4 Nc6 5.Bb5 Bd7 6.Bxc6 Bxc6 7.Nc3 Qa5 8.
Bd2 Qc5 9.Qd3 Rc8 10.Nd4 Nf6 11.O-O-O g6 12.Nxc6 Qxc6 13.Nd5 Nxd5 14.exd5 
Qc4 15.Bc3 Bh6+ 16.Kb1 Qxd3 17.Rxd3 O-O 18.h4 Bg7 19.Bd2 Bf6 20.Be3 a6 21.
Rb3 Rc7 22.a4 Rfc8 23.c3 h5 24.a5 e5 25.dxe6 fxe6 26.Rb4 d5 27.Re1 Kf7 28.
g3 e5 29.f4 e4 30.Rd1 Rd7 31.Rxe4 Re8 32.Rxe8 Kxe8 33.Bb6 Kf7 34.Bd4 Bxd4 
35.Rxd4 Ke6 36.Kc2 Rc7 37.Kd2 Rc5 38.b4 Rb5 39.Rd3 b6 40.axb6 Rxb6 41.Re3+
Kf6 42.Kd3 Re6 43.Rxe6+ Kxe6 44.Ke3 Ke7 45.Kf3 1-0

[Event "27th ECh U20"]
[Site "Patras GRE"]
[Date "1999.10.13"]
[Round "8"]
[White "Kallio, Heikki"]
[Black "Markidis, Konstantinos"]
[Result "1-0"]
[WhiteElo "2360"]
[BlackElo "2295"]
[EventDate "1999.10.02"]
[PlyCount "85"]

1.Nf3 Nf6 2.g3 g6 3.Bg2 Bg7 4.O-O O-O 5.d3 d6 6.e4 e5 7.h3 Nc6 8.c4 Bd7 9.
Nc3 Nh5 10.Kh2 a5 11.Nd5 h6 12.Be3 Nd4 13.Nxd4 exd4 14.Bd2 c6 15.Nf4 Nxf4 
16.Bxf4 Be6 17.b3 b6 18.Qc1 Kh7 19.Qa3 c5 20.Rae1 Ra7 21.Qc1 a4 22.Qc2 
axb3 23.axb3 Qd7 24.Bc1 Rfa8 25.f4 Ra2 26.Bb2 Kg8 27.f5 gxf5 28.exf5 Bxf5 
29.Bxa8 Rxa8 30.g4 Be6 31.Bc1 b5 32.Bf4 Ra6 33.Ra1 Qb7 34.Qg2 Qa7 35.Rxa6 
Qxa6 36.Rf2 Be5 37.Qg3 bxc4 38.bxc4 Qa3 39.g5 Bxf4 40.Rxf4 hxg5 41.Qxg5+ 
Kf8 42.Qd8+ Kg7 43.Rf2 1-0

[Event "27th ECh U20"]
[Site "Patras GRE"]
[Date "1999.10.13"]
[Round "8"]
[White "Hunt, Adam"]
[Black "Petrik, Tomas"]
[Result "1-0"]
[WhiteElo "2288"]
[BlackElo "2296"]
[EventDate "1999.10.02"]
[PlyCount "120"]

1.e4 e6 2.d4 d5 3.Nc3 Bb4 4.e5 c5 5.Bd2 Nc6 6.Nb5 Bxd2+ 7.Qxd2 Nxd4 8.Nxd4
cxd4 9.f4 Ne7 10.Nf3 Nc6 11.Nxd4 Bd7 12.O-O-O O-O 13.Kb1 a6 14.h4 Qc7 15.
h5 h6 16.c3 Rac8 17.Bd3 f6 18.Rde1 Qb6 19.Bc2 Na5 20.Qd3 f5 21.Ka1 Nc4 22.
Rb1 Bb5 23.Qh3 Nd2 24.g4 Bc4 25.b3 Nxb1 26.Rxb1 Bb5 27.gxf5 exf5 28.Rg1 
Rc7 29.Kb2 Qc5 30.Rg3 Bd7 31.e6 Bc8 32.Bxf5 Qe7 33.Qg2 Rf6 34.Qxd5 Rc5 35.
Qe4 Kh8 36.Bg4 b5 37.f5 Bb7 38.Qf4 Rf8 39.Bd1 Qc7 40.Qh4 Qe5 41.b4 Rc7 42.
Rh3 Rfc8 43.Qg3 Qf6 44.Qf4 Bd5 45.Re3 Qe7 46.Qe5 Bb7 47.Ne2 Qf6 48.Nf4 
Qxe5 49.Rxe5 Bc6 50.Bc2 Be8 51.Nd5 Ra7 52.f6 gxf6 53.Nxf6 Kg7 54.Ne4 Kf8 
55.Nd6 Rd8 56.Nf5 Rd2 57.e7+ Kf7 58.Nxh6+ Kg7 59.Ng4 Kf7 60.Kc1 Rg2 1-0

[Event "27th ECh U20"]
[Site "Patras GRE"]
[Date "1999.10.13"]
[Round "8"]
[White "Molander, Riku"]
[Black "Ribshtein, Nati"]
[Result "0-1"]
[WhiteElo "2234"]
[BlackElo "2349"]
[EventDate "1999.10.02"]
[PlyCount "90"]

1.d4 Nf6 2.Nc3 d5 3.Bg5 Nbd7 4.f3 c6 5.e4 dxe4 6.fxe4 Qa5 7.Qd2 e5 8.dxe5 
Nxe5 9.Nf3 Bb4 10.Bxf6 gxf6 11.Be2 Rg8 12.Nxe5 Qxe5 13.Rd1 Be6 14.O-O Ba5 
15.Qf4 Bh3 16.Qxe5+ fxe5 17.Bf3 Bxc3 18.bxc3 Be6 19.a3 Ke7 20.Kf2 Rad8 21.
Ke3 Rxd1 22.Rxd1 Rd8 23.Rb1 Rd7 24.Be2 f6 25.Rf1 Rd8 26.Rb1 b6 27.Rf1 Rg8 
28.Rf2 b5 29.Kd2 Rb8 30.Rf3 Bf7 31.Rg3 Bg6 32.Ke3 Kf7 33.Bg4 Rb6 34.h4 h5 
35.Be6+ Kxe6 36.Rxg6 Ra6 37.Kd3 Rxa3 38.Rh6 b4 39.Rxh5 Rxc3+ 40.Kd2 Rg3 
41.Rh7 Rxg2+ 42.Kc1 a5 43.Rc7 Kd6 44.Rf7 Rg4 45.Rxf6+ Kc5 0-1

[Event "27th ECh U20"]
[Site "Patras GRE"]
[Date "1999.10.13"]
[Round "8"]
[White "Anchev, Nikolai"]
[Black "De Vreugt, Dennis"]
[Result "0-1"]
[WhiteElo "2155"]
[BlackElo "2398"]
[EventDate "1999.10.02"]
[PlyCount "82"]

1.e4 c5 2.Nf3 Nc6 3.d4 cxd4 4.Nxd4 Nf6 5.Nc3 e5 6.Ndb5 d6 7.Nd5 Nxd5 8.
exd5 Nb8 9.a4 Be7 10.Be2 O-O 11.O-O a6 12.Na3 Nd7 13.f4 b5 14.Kh1 bxa4 15.
Nc4 exf4 16.Rxa4 g5 17.b4 Bf6 18.Bd3 Bg7 19.Ra3 Nf6 20.Bb2 Bb7 21.Bd4 h6 
22.Bf5 Re8 23.Na5 Rb8 24.c4 Qc7 25.Rh3 Qe7 26.c5 dxc5 27.bxc5 Bxd5 28.Bxf6
Qxf6 29.Qxd5 Re5 30.Qc4 Rxf5 31.Ra3 Qb2 32.Rd3 Qb5 33.Rb3 Rxc5 34.Rxb5 
Rbxb5 35.Qe4 Rxa5 36.Rd1 Bf6 37.h4 Re5 38.Qa8+ Kg7 39.Rc1 g4 40.Rc8 Ra1+ 
41.Kh2 h5 0-1

[Event "27th ECh U20"]
[Site "Patras GRE"]
[Date "1999.10.13"]
[Round "8"]
[White "Kobrin, Michael"]
[Black "Haznedaroglu, Kivanc"]
[Result "0-1"]
[WhiteElo "2355"]
[BlackElo "2187"]
[EventDate "1999.10.02"]
[PlyCount "96"]

1.d4 d5 2.c4 c6 3.Nf3 Nf6 4.Nc3 dxc4 5.a4 Bf5 6.Nh4 e6 7.Nxf5 exf5 8.e3 
Bb4 9.Bxc4 O-O 10.O-O h5 11.Qd3 g6 12.f3 Qe7 13.e4 Rd8 14.exf5 Rxd4 15.
Qxd4 Bc5 16.Be3 Bxd4 17.Bxd4 Qd6 18.Rad1 gxf5 19.Bf2 Qf8 20.Bd3 Nbd7 21.
Bxf5 Nb6 22.Bd4 Rd8 23.Bxf6 Qc5+ 24.Kh1 Rxd1 25.Rxd1 Qxf5 26.Rd8+ Kh7 27.
Ne4 Nd5 28.Rh8+ Kg6 29.Rg8+ Kh6 30.Rh8+ Kg6 31.Bg5 Qe5 32.Rh6+ Kg7 33.Rxh5
Qxb2 34.Bh6+ Kg6 35.g4 Qe2 36.Kg1 Qxf3 37.Nf2 Nf4 38.Bxf4 Qxf4 39.a5 b6 
40.axb6 axb6 41.Rf5 Qe3 42.Kg2 b5 43.h4 b4 44.h5+ Kg7 45.g5 b3 46.h6+ Kg8 
47.Ra5 b2 48.Ng4 Qd2+ 0-1

[Event "27th ECh U20"]
[Site "Patras GRE"]
[Date "1999.10.13"]
[Round "8"]
[White "Nikolchovski, Toni"]
[Black "Dovliatov, Sanan"]
[Result "1/2-1/2"]
[WhiteElo "2190"]
[BlackElo "2339"]
[EventDate "1999.10.02"]
[PlyCount "85"]

1.c4 g6 2.g3 Bg7 3.Bg2 e5 4.Nc3 Ne7 5.e3 O-O 6.Nge2 c6 7.O-O d6 8.d4 f5 9.
c5 e4 10.cxd6 Qxd6 11.Qb3+ Kh8 12.f3 exf3 13.Bxf3 Na6 14.Bd2 Be6 15.Qa3 
Qd7 16.Rfd1 Nd5 17.Nf4 Nxf4 18.gxf4 Nc7 19.Rac1 Nd5 20.Nxd5 Bxd5 21.Bxd5 
Qxd5 22.Qb3 Qd7 23.d5 Qxd5 24.Qxd5 cxd5 25.Bc3 Bxc3 26.Rxc3 Rac8 27.Rxd5 
Rxc3 28.bxc3 Rc8 29.Rd3 Rc7 30.Kf2 Kg7 31.Ke2 Kf6 32.Kd2 Ke6 33.Rd4 Rc5 
34.Kd3 a6 35.a4 Rc7 36.h4 b6 37.Rd8 Rd7+ 38.Rxd7 Kxd7 39.Kd4 Kd6 40.c4 Kc6
41.Kd3 Kc5 42.Kc3 h6 43.Kb3 1/2-1/2

[Event "27th ECh U20"]
[Site "Patras GRE"]
[Date "1999.10.13"]
[Round "8"]
[White "Crut, Aurelien"]
[Black "Bohnenblust, Simon"]
[Result "1-0"]
[WhiteElo "2207"]
[BlackElo "2239"]
[EventDate "1999.10.02"]
[PlyCount "81"]

1.e4 e6 2.d4 d5 3.e5 c5 4.c3 Nc6 5.Nf3 Bd7 6.a3 f6 7.b4 fxe5 8.b5 Nxd4 9.
cxd4 exd4 10.Bf4 Nf6 11.g3 Be7 12.Ne5 O-O 13.Bh3 Re8 14.O-O Bd6 15.a4 h6 
16.Re1 g5 17.Nf7 Kxf7 18.Bxd6 e5 19.Bxd7 Nxd7 20.Qb3 c4 21.Qf3+ Ke6 22.Bb4
Qf6 23.Qh5 Qf7 24.Qxh6+ Qf6 25.Qxf6+ Nxf6 26.Nd2 e4 27.Bc5 c3 28.Nf3 d3 
29.Nxg5+ Kf5 30.Nf7 Re6 31.Nd6+ Rxd6 32.Bxd6 d4 33.Bc5 Ke5 34.a5 Nd5 35.
f4+ Kf5 36.Bxd4 d2 37.Re2 e3 38.Bxc3 Nxc3 39.Rxe3 Rc8 40.Rd3 Ne4 41.Rd1 
1-0

[Event "27th ECh U20"]
[Site "Patras GRE"]
[Date "1999.10.13"]
[Round "8"]
[White "Touloumis, Anestis"]
[Black "Erturan, Yakup"]
[Result "1/2-1/2"]
[WhiteElo "2111"]
[BlackElo "2148"]
[EventDate "1999.10.02"]
[PlyCount "103"]

1.e4 c5 2.Nf3 d6 3.d4 cxd4 4.Nxd4 Nf6 5.Nc3 a6 6.Bg5 e6 7.Qd3 Be7 8.O-O-O 
Nbd7 9.f4 h6 10.Bh4 Nc5 11.Qe2 Qc7 12.e5 dxe5 13.fxe5 Nh7 14.Bg3 O-O 15.
Ne4 Nxe4 16.Qxe4 Bd7 17.Bd3 Ng5 18.Qg4 Rfc8 19.h4 Nh7 20.Rdf1 Be8 21.Rf2 
Bc5 22.Rhf1 Rd8 23.Rf4 Rac8 24.Kb1 b5 25.Re4 b4 26.Nb3 Bf8 27.Rc4 Qb7 28.
Rxc8 Qxc8 29.Qe4 g6 30.h5 Qc7 31.hxg6 fxg6 32.Qg4 Ng5 33.Bf4 Qe7 34.Bxg5 
hxg5 35.Rf6 Rd5 36.Qxe6+ Qxe6 37.Rxe6 Bf7 38.Rxa6 Rxe5 39.a4 bxa3 40.bxa3 
Re1+ 41.Kb2 Bg7+ 42.c3 Re3 43.Nc1 Rg3 44.Kc2 Rxg2+ 45.Ne2 g4 46.Kd1 Be5 
47.Ra5 Bf6 48.Ra8+ Kg7 49.Ra7 Kf8 50.Ra8+ Ke7 51.Ra7+ Ke8 52.Bb5+ 1/2-1/2

[Event "27th ECh U20"]
[Site "Patras GRE"]
[Date "1999.10.14"]
[Round "9"]
[White "Halkias, Stelios"]
[Black "Blehm, Pawel"]
[Result "1-0"]
[WhiteElo "2406"]
[BlackElo "2479"]
[EventDate "1999.10.02"]
[PlyCount "95"]

1.d4 Nf6 2.c4 g6 3.Nc3 Bg7 4.e4 d6 5.Nf3 O-O 6.Be2 e5 7.Be3 Ng4 8.Bg5 f6 
9.Bh4 g5 10.Bg3 Nh6 11.h3 exd4 12.Nxd4 Nc6 13.O-O f5 14.Nxf5 Nxf5 15.exf5 
Bxf5 16.Bg4 Qc8 17.Re1 Kh8 18.Nd5 Bxg4 19.hxg4 Rf7 20.Ne3 Nd4 21.Qd2 Qd7 
22.Rad1 a5 23.Qd3 Re8 24.Nd5 Rxe1+ 25.Rxe1 Nc6 26.Ne3 Re7 27.Qd5 h6 28.Rd1
Qe8 29.Nf5 Re1+ 30.Rxe1 Qxe1+ 31.Kh2 Qe8 32.c5 dxc5 33.Nxg7 Kxg7 34.Qxc5 
Qe6 35.f3 Qxa2 36.Qb5 Qf7 37.Qxb7 Qd7 38.Bxc7 Kg6 39.Qb6 h5 40.gxh5+ Kxh5 
41.Bg3 Qd5 42.Qc7 Kg6 43.Be1 g4 44.fxg4 Ne5 45.Qc8 Nc4 46.Qe8+ Kh7 47.Qe7+
Kg6 48.Bc3 1-0

[Event "27th ECh U20"]
[Site "Patras GRE"]
[Date "1999.10.14"]
[Round "9"]
[White "Fontaine, Robert"]
[Black "Solak, Dragan"]
[Result "1/2-1/2"]
[WhiteElo "2408"]
[BlackElo "2457"]
[EventDate "1999.10.02"]
[PlyCount "37"]

1.d4 Nf6 2.Nf3 g6 3.c4 Bg7 4.Nc3 O-O 5.e4 d6 6.Be2 e5 7.Be3 exd4 8.Nxd4 
Re8 9.f3 c6 10.Qd2 d5 11.exd5 cxd5 12.c5 Nbd7 13.c6 Ne5 14.cxb7 Bxb7 15.
O-O Nc4 16.Bxc4 dxc4 17.Rad1 Nd5 18.Nxd5 Qxd5 19.Bf2 1/2-1/2

[Event "27th ECh U20"]
[Site "Patras GRE"]
[Date "1999.10.14"]
[Round "9"]
[White "Bagirov, Rufat"]
[Black "Kallio, Heikki"]
[Result "1-0"]
[WhiteElo "2471"]
[BlackElo "2360"]
[EventDate "1999.10.02"]
[PlyCount "171"]

1.d4 Nf6 2.c4 g6 3.Nc3 Bg7 4.e4 O-O 5.Be2 d6 6.Nf3 e5 7.O-O Nc6 8.d5 Ne7 
9.Ne1 Ne8 10.f3 f5 11.g4 f4 12.h4 Kh8 13.Ng2 c6 14.Qb3 Nf6 15.Bd2 h5 16.g5
Nh7 17.Be1 c5 18.Bf2 Ng8 19.Kh2 Rf7 20.Ne1 Nxg5 21.hxg5 Qxg5 22.Nd3 Qd8 
23.Rh1 Bf8 24.Kg2 Rh7 25.Rag1 Qf6 26.Kf1 g5 27.Ke1 Qg7 28.Qd1 Be7 29.Kd2 
Bd7 30.Rg2 b6 31.Kc2 Qg6 32.Bh4 Qh6 33.Be1 Nf6 34.Nf2 Rg8 35.Ng4 Qf8 36.
Nxf6 Bxf6 37.Bd2 a6 38.Qf1 Kg7 39.Nd1 Kf7 40.Nf2 Qb8 41.Rgh2 Rgh8 42.Qd1 
Kg7 43.Bf1 Qc8 44.Rg1 Kf7 45.Be2 Ba4+ 46.b3 Bd7 47.Kb2 Rg7 48.a3 Rg6 49.b4
Qc7 50.Rgh1 Rgh6 51.Bc3 R6h7 52.Qd2 Kg6 53.Rg2 Kf7 54.Kb3 Qc8 55.a4 Qc7 
56.Ra1 Rb8 57.Kc2 Bd8 58.Nd3 Rb7 59.b5 a5 60.Nxe5+ dxe5 61.d6 Qc8 62.Qd5+ 
Be6 63.Qxe5 Ke8 64.Rxg5 Bxg5 65.Qxg5 Rbf7 66.Bf6 Rf8 67.Qg6+ Rhf7 68.Be7 
Kd7 69.Bxf8 Qxf8 70.Qxh5 Rg7 71.Rd1 Qg8 72.Kc3 Rg2 73.Bd3 Qg7+ 74.e5 Bf7 
75.Qf5+ Be6 76.Qe4 Kd8 77.Qxf4 Qg8 78.Qf6+ Kc8 79.Bf5 Bxf5 80.Qxf5+ Kb8 
81.d7 Qd8 82.Qf6 Rg8 83.Qxd8+ Rxd8 84.e6 Ka7 85.e7 Rc8 86.d8=Q 1-0

[Event "27th ECh U20"]
[Site "Patras GRE"]
[Date "1999.10.14"]
[Round "9"]
[White "De Vreugt, Dennis"]
[Black "Mateuta, Gabriel"]
[Result "1-0"]
[WhiteElo "2398"]
[BlackElo "2398"]
[EventDate "1999.10.02"]
[PlyCount "57"]

1.e4 d5 2.exd5 Qxd5 3.Nc3 Qa5 4.d4 Nf6 5.Nf3 c6 6.Bc4 Bf5 7.Bd2 e6 8.Qe2 
Bb4 9.a3 Nbd7 10.O-O-O Bxc3 11.Bxc3 Qc7 12.Bd2 b5 13.Bd3 Bxd3 14.Qxd3 a5 
15.Rhe1 O-O 16.Ne5 b4 17.Nxd7 Nxd7 18.axb4 axb4 19.Bxb4 c5 20.Ba3 Rfc8 21.
Qc3 c4 22.d5 exd5 23.Rxd5 Nb6 24.Rde5 Na4 25.Qf3 c3 26.b3 Qd8 27.Re7 f6 
28.Rxg7+ Kh8 29.Ree7 1-0

[Event "27th ECh U20"]
[Site "Patras GRE"]
[Date "1999.10.14"]
[Round "9"]
[White "Dottling, Fabian"]
[Black "Hunt, Adam"]
[Result "1-0"]
[WhiteElo "2475"]
[BlackElo "2288"]
[EventDate "1999.10.02"]
[PlyCount "109"]

1.d4 Nf6 2.Nf3 g6 3.c4 Bg7 4.Nc3 O-O 5.e4 d6 6.Be2 e5 7.O-O Nc6 8.d5 Ne7 
9.Ne1 Ne8 10.Nd3 f5 11.exf5 Nxf5 12.f3 Nf6 13.Nf2 c6 14.Nfe4 cxd5 15.Nxf6+
Bxf6 16.Nxd5 Bg5 17.Bd3 Bd7 18.Bxg5 Qxg5 19.Bxf5 Bxf5 20.Qe2 Rae8 21.Rad1 
e4 22.f4 Bg4 23.Qe3 Qh5 24.Rd2 Be6 25.Qxe4 Bxd5 26.Qxd5+ Qxd5 27.cxd5 Re4 
28.g3 Rc8 29.Kf2 Rcc4 30.Kf3 Kf7 31.Rff2 Red4 32.Rxd4 Rxd4 33.Rc2 Kf6 34.
Rc7 Rxd5 35.Rxb7 Rd2 36.Rxa7 Rxb2 37.Rxh7 Rxa2 38.h4 Ra3+ 39.Kg4 d5 40.h5 
gxh5+ 41.Rxh5 d4 42.Rd5 Rd3 43.Rd6+ Ke7 44.Ra6 Rd1 45.Kf5 d3 46.Re6+ Kf7 
47.Rd6 Ke7 48.Rd4 d2 49.g4 Kf7 50.g5 Ke8 51.g6 Ke7 52.Rd3 Ke8 53.g7 Kf7 
54.Rd7+ Kg8 55.Kf6 1-0

[Event "27th ECh U20"]
[Site "Patras GRE"]
[Date "1999.10.14"]
[Round "9"]
[White "Ribshtein, Nati"]
[Black "Medvegy, Zoltan"]
[Result "0-1"]
[WhiteElo "2349"]
[BlackElo "2397"]
[EventDate "1999.10.02"]
[PlyCount "110"]

1.Nf3 c5 2.c4 Nc6 3.Nc3 g6 4.d4 cxd4 5.Nxd4 Bg7 6.Nc2 d6 7.e4 Bxc3+ 8.bxc3
Qa5 9.Bd2 Be6 10.Be2 Nf6 11.f3 Qa4 12.Ne3 Qxd1+ 13.Rxd1 Rc8 14.c5 dxc5 15.
c4 Nd4 16.Bf1 O-O 17.Bc3 Rfd8 18.Nd5 Bxd5 19.cxd5 e5 20.dxe6 fxe6 21.Bc4 
Kf7 22.a4 Nc6 23.Kf2 Rxd1 24.Rxd1 Rd8 25.Rb1 b6 26.Ke3 Ke7 27.Kf4 h6 28.
Ke3 Nd4 29.Rb2 Nc6 30.Bb5 Nd4 31.Bc4 Nc6 32.Bb5 Nd4 33.Bd3 Nd7 34.f4 e5 
35.g3 g5 36.f5 Rb8 37.h3 Kd6 38.Kf2 Nf6 39.g4 c4 40.Bb1 a6 41.Ke3 Nc6 42.
Ra2 Kc7 43.Rd2 b5 44.axb5 axb5 45.Rd5 Nxd5+ 46.exd5 b4 47.Be1 Nd8 48.Ke4 
Kd6 49.f6 c3 50.Bd3 Nb7 51.Kf5 Nc5 52.Bb1 Kxd5 53.f7 Kc4 54.Bg3 b3 55.Bxe5
Rf8 0-1